Pilgrim : (Record no. 328480)

000 -LEADER
fixed length control field 01004cam a2200289 a 4500
001 - CONTROL NUMBER
control field 16450841
003 - CONTROL NUMBER IDENTIFIER
control field Nust
005 - DATE AND TIME OF LATEST TRANSACTION
control field 20170407190947.0
008 - FIXED-LENGTH DATA ELEMENTS--GENERAL INFORMATION
fixed length control field 100908r20092008enkb 000 1 eng d
010 ## - LIBRARY OF CONGRESS CONTROL NUMBER
LC control number 2010502828
015 ## - NATIONAL BIBLIOGRAPHY NUMBER
National bibliography number GBA933280
Source bnb
016 7# - NATIONAL BIBLIOGRAPHIC AGENCY CONTROL NUMBER
Record control number 015103419
Source Uk
020 ## - INTERNATIONAL STANDARD BOOK NUMBER
International Standard Book Number 9780719569340 (pbk.)
035 ## - SYSTEM CONTROL NUMBER
System control number (OCoLC)ocn489626900
040 ## - CATALOGING SOURCE
Original cataloging agency UKM
Transcribing agency UKM
Modifying agency ABG
-- DLC
042 ## - AUTHENTICATION CODE
Authentication code ukblcatcopy
-- lccopycat
050 00 - LIBRARY OF CONGRESS CALL NUMBER
Classification number PR6110.J258
Item number P55 2009
082 04 - DEWEY DECIMAL CLASSIFICATION NUMBER
Classification number 823.914
Author Mark JAC
100 1# - MAIN ENTRY--PERSONAL NAME
Personal name Jackson, James H.,
Dates associated with a name 1962-
245 10 - TITLE STATEMENT
Title Pilgrim :
Remainder of title the greatest crusade /
Statement of responsibility, etc. James Jackson.
260 ## - PUBLICATION, DISTRIBUTION, ETC.
Place of publication, distribution, etc. London :
Name of publisher, distributor, etc. John Murray,
Date of publication, distribution, etc. 2009.
300 ## - PHYSICAL DESCRIPTION
Extent 501 p. :
Other physical details map ;
Dimensions 18 cm.
500 ## - GENERAL NOTE
General note "First published in Great Britain in 2008 by John Murray"--T.p. verso.
650 #0 - SUBJECT ADDED ENTRY--TOPICAL TERM
Topical term or geographic name entry element Children's Crusade, 1212
Form subdivision Fiction.
655 #7 - INDEX TERM--GENRE/FORM
Genre/form data or focus term Historical fiction.
Source of term gsafd
906 ## - LOCAL DATA ELEMENT F, LDF (RLIN)
a 7
b cbc
c copycat
d 2
e ncip
f 20
g y-gencatlg
942 ## - ADDED ENTRY ELEMENTS (KOHA)
Source of classification or shelving scheme
Koha item type Book
Holdings
Withdrawn status Lost status Source of classification or shelving scheme Damaged status Not for loan Collection code Permanent Location Current Location Shelving location Date acquired Total Checkouts Full call number Barcode Checked out Date last seen Date last checked out Copy number Price effective from Koha item type
            Central Library (CL) Central Library (CL) Fiction 04/07/2017 4 823.914 JAC CL985 02/09/2025 01/10/2025 01/10/2025 1 04/07/2017 Book
© 2023 Central Library, National University of Sciences and Technology. All Rights Reserved.